000 00692nam a2200253Ia 4500
003 OSt
005 20220918193153.0
006 a|||||r|||| 00| 0
007 ta
008 220917b |||||||| |||| 00| 0 eng d
024 _a72,128
037 _cTextual
040 _aARTS
_cARTS
_beng
041 _2eng
_aeng
082 _aR6xH,S, 111D4;L8
100 _aacharaya Madhava
_981149
245 0 _aSarva Darshana Samgraha tr by E B Cowell and A E Gough
250 _a7th
260 _aVaranasi
_bC S Series
_c1978
300 _aix, 281p.
_ccm.
650 _aINDIAN PHILOSOPHY
942 _hR6xH,S, 111D4;L8
_cTEXL
_2CC
999 _c198139
_d198139